| 000 | 00725nam a2200205Ia 4500 | ||
|---|---|---|---|
| 003 | IN-BaIIA | ||
| 008 | 211028s9999 xx 000 0 eng d | ||
| 020 | _a0-7923-6381-7 | ||
| 040 | _cIIA Library | ||
| 080 |
_a52:535 _bLAS |
||
| 245 | 0 |
_aLaser guide star adaptive optics for astronomy _cedited by N. Ageorges and C. Dainty |
|
| 260 |
_aDordrecht _bKluwer Academic _c2000 |
||
| 300 | _axxiii, 340p. | ||
| 490 | _aMathematical and Physical Sciences; vol. 551 | ||
| 650 | _aAdaptive optics | ||
| 650 |
_aLaser guide stars _924604 |
||
| 700 |
_aAgeorges, N., ed. _924605 |
||
| 700 |
_aDainty, C., ed. _924606 |
||
| 942 | _cBK | ||
| 999 |
_c14031 _d14031 |
||